| 000 | 00653nam a2200241Ia 4500 | ||
|---|---|---|---|
| 003 | OSt | ||
| 005 | 20220926012134.0 | ||
| 006 | a|||||r|||| 00| 0 | ||
| 007 | ta | ||
| 008 | 220923b |||||||| |||| 00| 0 eng d | ||
| 020 | _a0465034519 | ||
| 037 | _cGeneral Book | ||
| 040 |
_aRTL _cRTL _beng |
||
| 041 |
_2eng _aeng |
||
| 082 | _aQ7:(W).1.N8, M3 | ||
| 100 | _aPipes Daniel | ||
| 245 | 0 |
_aIn the path of god _bIslam and political power |
|
| 260 |
_aNew York _bBasic Books USA _c1983 |
||
| 300 |
_ax, 373p _ccm. |
||
| 650 |
_aIslam _9577 |
||
| 942 |
_hQ7:(W).1.N8, M3 _cGB _2CC |
||
| 999 |
_c621836 _d621836 |
||